000 00488cam a2200181 4500
001 D6263
008 090401t1970 xxu||||| |||| 00| 0 eng d
035 _a(Sirsi) u93937
041 _aeng
050 _a658.1527
100 _aJones, R.B.
245 _aD.C.F. tables of present values: taking account of investment grants, capital allowances and tax at 45%
260 _aOxford
_bTechnical Press
_c1970
300 _a145p. 22cm
350 _a2.1
942 _n0
948 _c04/03/1997
999 _c97870
_d97870